Waiheke Streets on Map - Statistics

General Stats
  • This quiz has been taken 69 times
  • The average score is 57 of 172
Answers on the Map
Answers color-coded by a green-red scale on the quiz's map according to % correct below.
 
Answer Stats
Road Name % Correct
View Road
74%
Hill Road
72%
Donald Bruce Road
70%
Seaview Road
70%
Ocean View Road
67%
Ostend Road
67%
Waiheke Road
67%
Kennedy Point Road
63%
Ocean Road
63%
Onetangi Road
63%
Tahi Road
63%
Erua Road
60%
Wharf Road
60%
Bay Road
56%
Orapiu Road
56%
Palm Road
56%
The Esplanade
56%
Fourth Avenue
53%
Kiwi Street
53%
Second Avenue
53%
Third Avenue
53%
Tiri View Road
53%
Belgium Street
51%
Church Bay Road
51%
First Avenue
51%
Queens Drive
51%
Seventh Avenue
51%
Surfdale Road
51%
The Strand
51%
Coromandel Road
49%
Hamilton Road
49%
Hauraki Road
49%
Kennedy Road
49%
Sixth Avenue
49%
Trig Hill Road
49%
Tui Street
49%
Wilma Road
49%
Alison Road
47%
Causeway Road
47%
O'Brien Road
47%
Shelly Beach Road
47%
Te Toki Road
47%
Frank Street
44%
Goodwin Avenue
44%
Korora Road
44%
Lannan Road
44%
Moa Avenue
44%
Crescent Road East
42%
Delamore Drive
42%
Esslin Road
42%
Crescent Road West
40%
Gordons Road
40%
Man O'War Bay Road
40%
Pacific Parade
40%
Poto Road
40%
Tiri Road
40%
Whakarite Road
40%
Beatty Parade
37%
Bellavista Road
37%
Cory Road
37%
Nikau Road
37%
Rata Street
37%
Cowes Bay Road
35%
Great Barrier Road
35%
Junction Road
35%
Karaka Road
35%
Miami Avenue
35%
Miro Road
35%
Omiha Road
35%
Putiki Road
35%
Tawa Street
35%
Beach Parade
33%
Belle Terrace
33%
Brown Road
33%
Calais Terrace
33%
George Street
33%
Makora Avenue
33%
Matapana Road
33%
Short Street
33%
Tahatai Road
33%
Victoria Road South
33%
Wellington Road
33%
Albert Crescent
30%
Blake Street
30%
Fisher Street
30%
Giles Road
30%
Hillside Road
30%
Hooks Lane
30%
Mako Street
30%
Natzka Road
30%
Okoka Road
30%
Victoria Road North
30%
Awaawaroa Road
28%
Beresford Avenue
28%
Burrell Road
28%
Dickson Road
28%
Hekerua Road
28%
Jellicoe Parade
28%
Mitchell Road
28%
Newton Road
28%
Nick Johnstone Drive
28%
Park Road
28%
Ridge Road
28%
Taraire Street
28%
Tetley Road
28%
Te Whau Drive
28%
Vintage Lane
28%
Waitai Road
28%
Matai Road
26%
Anzac Road
23%
Dolphin Lane
23%
Glenbrooke Road
23%
Huia Street
23%
Huruhi Road
23%
Manuka Road
23%
Musson Drive
23%
Oue Road
23%
Scotts Terrace
23%
Valley Road
23%
Waiata Road
23%
Waikare Road
23%
Alan Murray Lane
21%
Carsons Road
21%
Eden Terrace
21%
Fairview Crescent
21%
Gulf Place
21%
Homai Street
21%
Karu Street
21%
Kuaka Road
21%
Margaret Reeve Lane
21%
Moana Avenue
21%
Nelson Avenue
21%
Park Point Drive
21%
Puriri Road
21%
Stoney Batter Road
21%
Te Makiri Road
21%
Wattle Road
21%
Burrell Road extension
19%
Crescent Road East Extension
19%
Hartley Avenue
19%
Hobson Terrace
19%
Mcintosh Road
19%
McMillan Road
19%
Pah Road
19%
Quelch Road
19%
Bryan Road
16%
Cable Bay Lane
16%
Empire Road
16%
Garrett Road
16%
Marine View Road
16%
Motukaha Road
16%
Muritai Road
16%
Nepean Avenue
16%
Piemelon Bay Road
16%
Rothschild Terrace
16%
Upland Road
16%
Walter Frank Drive
16%
Leroy Street
14%
Marama Avenue
14%
Totara Road
14%
Waimangu Road
14%
Watson Road
14%
Woollams Road
14%
Belle View Place
12%
Te Matuku Point Lane
12%
Woodside Bay Road
12%
Kereru Lane
9%
Potai Road
9%
Wairua Road
9%
Wallingford Avenue
9%
Weka Road
9%
Ladd Road
7%
No matching quizzes found
Score Distribution
Percent of People with Each Score
Percentile by Number Answered
Your Score History
You have not taken this quiz